| 000 | 00416 a2200133 4500 | ||
|---|---|---|---|
| 001 | ART_49667 | ||
| 005 | 20260410161757.0 | ||
| 008 | 260409a | ||
| 245 | 1 | 0 | _aLa deducción por el impuesto al valor agregado no utilizado |
| 100 | 1 | _aGotlib, Gabriel | |
| 700 | 1 | _aFerreyra Fernández, Constanza E. | |
| 700 | 1 | _aKaplún, Brian | |
| 773 | 0 |
_tDoctrina tributaria _g- N°475 (oct. 2019) _wREV4296 |
|
| 999 |
_c20259 _d20259 |
||